01816 2200253 4500001002100000005001500021007000300036008004100039020001800080035002000098082001200118084001800130100002700148245007200175264004400247300004300291336002100334337003000355338002300385520109300408650000801501650003601509990001701545INLIS00000000150483320260623111138ta260623 g 0 ind  a979-637-919-8 a0010-0626000028 a658.408 a658.408 CAN c0 aCannon, TomePengarang1 aCorporate Responsibility :bTanggung Jawab Perusahaan /cTom Cannon aJakarta :bElex Media Komputindo,c1995 ax, 298 halaman. :bilustrasi ;c23 cm. 2rdacontentateks 2rdamediaatanpa perantara 2rdacarrieravolume aperusahaan modern yang memiliki kekuasaan dan pengaruh ekonomi besar harus menyeimbangkan motif keuntungan dengan kesejahteraan masyarakat dan pelestarian lingkungan. Melalui buku ini, Tom Cannon menekankan bahwa kesuksesan jangka panjang sebuah perusahaan tidak hanya diukur dari kinerja finansial semata, melainkan dari pemenuhan 5 pilar utama:Memahami Tanggung Jawab Multi-Dimensi: Perusahaan wajib menyadari tanggung jawab mereka yang bergerak di ranah sosial, ekonomi, etika, dan moral. Kepatuhan Hukum dan Regulasi: Mempertimbangkan dan mematuhi seluruh instrumen hukum, kebijakan pemerintah, serta peraturan yang berlaku. Menghormati Lingkungan: Menjaga keaslian lingkungan alamiah (ekologi) serta menghargai lingkungan buatan di sekitar wilayah operasi bisnis. 4. Keterlibatan Sosial yang Proaktif: Mendukung serta mengambil tindakan nyata dalam membantu menangani berbagai masalah sosial yang dihadapi masyarakat sekitar. 5. Efisiensi Fungsi Ekonomi: Tetap menjalankan fungsi ekonomi utamanya (menghasilkan produk/jasa dan profit) dengan cara yang efektif dan bertanggung jawab. 4aCSR 4aTanggung Jawab Sosial Manajemen a2024/HD/0485